[Event "Aerosvit 2007"]
[Site "Foros RUS"]
[Date "2007.06.26"]
[Round "8"]
[White "GM Van Wely, Loek(NED)"]
[Black "GM Eljanov, Pavel(UKR)"]
[Result "1-0"]
[WhiteElo "2674"]
[BlackElo "2686"]
[Annotator "Ëåáåäåâ Âàñèëèé"]
[PlyCount "127"]
[EventDate "2007.06.26"]

1. d4 Nf6 2. c4 e6 3. Nf3 d5 4. Nc3 Bb4 5. Bg5 Nbd7 6. cxd5 exd5 7. Qc2 h6 8.
Bh4 g5 {Ðåäêèé äåáþòíûé âàðèàíò ïðèâ¸ë ê íîâèíêå óæå íà 10-ì õîäó.} (8... c5)
9. Bg3 Ne4 10. Nd2 $146 (10. e3 h5 (10... c6 11. Bd3 Nxg3 12. hxg3 Kf8 13. a3
Be7 14. b4 a6 15. O-O Kg7 16. Qb2 Nf6 17. a4 g4 18. Nh4 Ne8 19. e4 Be6 20. exd5
cxd5 21. Rfe1 Bxh4 22. gxh4 Qxh4 23. g3 Qd8 24. a5 h5 25. Re5 h4 26. Qd2 Qf6
27. Nxd5 Bxd5 28. Rxd5 hxg3 29. Rf5 Qh4 30. Qg5+ Qxg5 31. Rxg5+ Kf8 32. fxg3
Nf6 33. Rf1 Rh6 34. Bg6 Kg7 35. Bd3+ Kf8 36. b5 Rd8 37. Rf4 axb5 38. Rxb5 Rd7
39. Rb6 Ke7 40. Bf1 Rg6 41. Bg2 Nh5 42. Re4+ Kd8 43. Rxg6 fxg6 44. Rxg4 Ke7 45.
Kf2 Rd6 46. Ke3 Nf6 47. Rg5 Nd7 48. Be4 Nf8 49. Rc5 {
(1-0 Lalic,B (2523) - Munoz Moreno,F (2283)/Malaga 2002)}) 11. h4 g4 12. Ng5
Nxg3 13. fxg3 Qe7 14. O-O-O Bxc3 15. bxc3 Rh6 16. Bd3 f6 17. Nh7 Kf7 18. Rhf1
Nb6 19. Rf4 Bd7 20. Rdf1 Ba4 21. Qf2 Nd7 22. Bf5 Bb5 23. Bxd7 Bxf1 24. Ng5+ Kg7
25. Ne6+ Kg8 26. Qxf1 Qxd7 27. Rxf6 Rxf6 28. Qxf6 Qf7 29. Qg5+ Kh8 30. Qe5+ Kg8
31. Qxd5 c6 32. Qg5+ Kh7 33. Nf4 Rg8 34. Qxh5+ Qxh5 35. Nxh5 Kg6 36. Nf4+ Kf5
37. Kd2 Re8 38. Nd3 Rf8 39. Ne5 Ke6 40. Ke2 Rg8 41. e4 a5 42. Ke3 a4 43. a3 c5
44. Nd3 cxd4+ 45. cxd4 b5 46. d5+ Ke7 47. Nb4 Rf8 48. e5 Rf1 49. h5 Rh1 50. Kd4
Rh2 51. d6+ Ke6 52. Nd3 Kd7 53. Nc5+ Kc6 54. d7 Kc7 55. e6 {
(1-0 Sokolov,I (2688)-Rainfray,A (2392)/France 2003).}) 10... Nxg3 11. hxg3 Nb6
12. a3 Bf8 {Äëèííîå ôèàíêåòòî ïðîñòî âçûâàåò îá ýòîì õîäå.} 13. e3 Bg7 14. Bd3
Qe7 15. Nb3 O-O 16. Bh7+ {È øàõ ñäåëàòü ïðèÿòíî, è êîðîëÿ ïðîòèâíèêà íåïëîõî
çàäâèíóòü â óãîëîê, ïîäàëüøå îò öåíòðà, ïîä ðåíòãåí ëàäüè (íà âñÿêèé ñëó÷àé)..
.} Kh8 17. Bf5 c6 18. O-O-O Nc4 {Ïîõîæå âñ¸ ýòî äåëî íà Êàðëñáàä èëè íå ïîõîæå,
à êîíÿ ÷¸ðíûì íàäî ñòàâèòü íà d6.} 19. Kb1 Bxf5 20. Qxf5 Rad8 21. Nc5 {
Áåëûå äóìàþò àíàëîãè÷íî.} Kg8 22. Rhe1 {
Ïîñëå ýòîãî õîäà ÷¸ðíûå ïåðåõâàòûâàþò èíèöèàòèâó.} (22. g4 $5 {Rybka}) 22...
b6 {Ðàç òåìï...} 23. Nd3 Nd6 {Äâà òåìï} 24. Qh3 ({Ïîñëå} 24. Qf3 Ne4 {
áèòü êîíÿ ÷¸ðíûõ ïîêà íåëüçÿ.} 25. Nxe4 dxe4 $19) 24... Ne4 25. Nxe4 dxe4 26.
Ne5 Rd6 {Âîò è ïåðñïåêòèâû ó ÷¸ðíûõ îáðèñîâàëèñü - ñ6-ñ5!} 27. Nc4 Rd5 28. Qg4
{Ôåðçÿ, êîíå÷íî, íóæíî ñðî÷íî âîçâðàùàòü â áîëüøóþ ïîëèòèêó.} Rfd8 ({
Óæå ñòîèëî ïðèçàäóìàòüñÿ î} 28... c5 $36) 29. Qe2 Qe6 30. Rd2 c5 $1 31. dxc5 {
È, êàê ìíå êàæåòñÿ, ÷¸ðíûå ïîïëûëè} Rxd2 $6 ({Âåñüìà ïåðñïåêòèâíî âûãëÿäåëî} 
31... Rd3 $5 {Îñîáåííî ïîñëå} 32. Rc2 (32. Rc1 $142 {, íî ïîñëå} bxc5 $36 {
õîòÿ áû âñåãî ïîðîâíó}) 32... Rc8 $3 33. cxb6 (33. Rec1 Rxc5 $15) 33... Rxc4
34. b7 Rxc2 $3 {È òåïåðü ïîëó÷àåòñÿ «ñòðàííàÿ» ñèòóàöèÿ, ÷òî áåëûì
îñòàòüñÿ ñ ëèøíèì ôåðç¸ì, ÷òî èãðàòü áåç ôèãóðû - âñ¸ åäèíî} 35. Qxc2 {
- ëó÷øåå} (35. b8=Q+ $143 $2 Rc8 36. Qxa7 (36. Qb5 Rb3 $19) 36... Qe5 $1 37.
f4 $140 exf3 $1 38. gxf3 (38. Qxd3 Qxb2#) 38... Rb3 $19 {
, è ïóíêò b2 áóäåò ïðîäàâëåí}) {
È ñíà÷àëà èñïîëíèì îáÿçàòåëüíóþ ïðîãðàììó åäèíñòâåííûõ õîäîâ} 35... Qb6 36.
Qc8+ Rd8 37. Re2 $1 {À òåïåðü ñäåëàåì õîä, òàê ñêàçàòü, íà ïåðñïåêòèâû -} Be5
$1 38. Rd2 Rf8 {È åñëè ÷¸ðíûå ïðîâåäóò ñëåäóþùóþ ïåðåãðóïïèðîâêó ñèë -} 39.
g4 Kg7 40. Qf5 Bc3 41. Rc2 Bf6 42. Qc8 Rd8 43. Ka2 Be5 44. Qf5 (44. Qc5 Qe6+ {
è Rb8}) 44... Rd5 45. Qc8 (45. Qxe4 Qxb7 46. Rd2 Rb5 $19) 45... Rd3 {
, òî îíè ìîãóò «íàäåÿòüñÿ» è íà ïîëîæèòåëüíûé ðåçóëüòàò.}) 32. Nxd2 Qd5 {
Î÷åâèäöû ñ ìåñòà ñîáûòèé ãîâîðÿò, ÷òî ýòî áûë çåâîê. À ìíå êàæåòñÿ, ÷òî
æåðòâà...} (32... Rd3 $5 33. cxb6 $140 (33. Rc1 $142) 33... Qxb6 34. Nc4 Qb5
35. Rc1 Rxa3 $1 $15) 33. cxb6 $1 axb6 $44 {
«Íî äàæå áåç ïåøêè ïîçèöèÿ ÷¸ðíûõ âûãëÿäåëà ïðèåìëåìî» (Ãîëóáåâ).} ({Ïëîõî} 
33... Qxd2 $2 34. Qxd2 Rxd2 35. bxa7 $16 {(Ãîëóáåâ)} {Ó ïðèìåðó,} Rd8 $8 36.
Rc1 Be5 {(ïîêàìåñò íå ïóñêàÿ áåëóþ ëàäüþ íà 7-þ ëèíèþ)} ({èëè} 36... Ra8
37. Rc7 Be5 38. Re7 Bd6 39. Rb7 (39. Rd7 $2 Bc5) 39... Kg7 (39... Bc5 $4 40.
Rb8+) 40. b4 $18) 37. Rc5 f6 38. Rd5 $1 Ra8 39. Rd7 $18 {
, è áåëûå ïåøêè ôåðçåâîãî ôëàíãà ïîáåäîíîñíî èäóò âïåð¸ä.}) 34. Nc4 Qb5 $6 ({
ßâíî ëó÷øå} 34... b5 35. Na5 Bf8 $1 {Íàïðèìåð,} 36. Rc1 ({
÷¸ëîâå÷åñêèé òàêîé õîä; ìàøèíêà «ïîäñîâûâàåò»} 36. Rf1 $5 {Rybka} b4 $36
37. axb4 Bxb4 38. Nc4 Qb5 39. Qc2 (39. Rc1 Rd2 $1) 39... Rd3 40. Rc1 Bc3 $1 41.
Nd6 Qd5 42. Nxe4 Qxe4 43. bxc3 Qb7+ 44. Qb2 Qxg2 {
È îáîðîíÿòüñÿ ïðèõîäèòüñÿ áåëûì!}) 36... Qd2 37. Qxd2 Rxd2 38. Rc2 Rd1+ 39. Rc1
({à âîò} 39. Ka2 {ìîæåò îêàçàòüñÿ îïàñíûì -} Rg1 40. Rd2 Rxg2 41. Kb3 h5) 39...
Rd2 40. Rc2 Rd1+ 41. Rc1 $11) 35. Rc1 Rc8 (35... Rd3 $5) 36. Rc2 {
È íàñòóïèëà ïîëíàÿ êîíñîëèäàöèÿ... è ê ãîðëó ïîäñòóïàåò êîíòðîëü...} Rc6 37.
Ka2 $6 (37. g4 $5) 37... Qd5 $6 (37... Qc5 $1 {(óãðîçà b6-b5)} 38. b4 (38. Kb1
Qb5 $1) 38... Qe7 $1 {
, è âñ¸ ãîòîâî ê ñòðîèòåëüñòâó ãðîçíîé áàòàðåè íà áîëüøîé ÷¸ðíîé äèàãîíàëè.})
38. a4 Rc5 (38... b5 $142 $5 {Ýëüÿíîâ-ïàïà ;)}) 39. b4 Rc8 40. b5 (40. Kb3 b5)
40... Ra8 $6 {×òî æå òû çà íàïàñòü òàêàÿ - êîíòðîëüíûé õîä!} ({Ïîñëå} 40...
Qd3 $1 41. Na3 $8 (41. Qxd3 $4 exd3 42. Rc1 d2 $19) 41... Qd5+ 42. Nc4 (42. Rc4
$143 $6 Bf8 43. Kb1 Ra8 44. Kb2 Qe5+ 45. Ka2 Rd8 $36) 42... Qd3 {
ïîëó÷àëîñü ïîâòîðåíèå ïîçèöèè - ìèð, äðóæáà è íè÷üÿ.}) 41. Kb3 {
À òåïåðü, êàê ìû âèäèì, áåëûå óäà÷íî ïåðåñòðîèëèñü.} Bf8 42. Qd2 Qc5 43. Qc3
Rd8 ({Ïëîõî} 43... Bg7 44. Qb4 Qf5 45. Qd6 {, è ïðîèãðûâàåòñÿ åù¸ îäíà ïåøêà.})
44. Rd2 Rc8 45. g4 $1 {
«Ôèêñàæ»! À «ïðîÿâëåíèå» ÿâëåíèå ïðåèìóùåñòâà - íå çà ãîðàìè...} Ra8 46.
Rd7 Rc8 47. g3 Be7 48. Rd2 Bf8 49. Rd1 Be7 50. Rd7 Bf8 51. Rd2 Be7 52. Rd1 Bf8
53. Rd4 Bg7 54. Qd2 Bxd4 {Áèòü íàäî... Èíà÷å ïàäàåò ïåøêà íà å4...} 55. Qxd4
Qxd4 56. exd4 f5 {Ïîñëå ýòîãî, ïîõîæå, ÷òî ñïàñåíèÿ óæå íåò.} ({
Rybka «ñîâåòóåò» íå îòäàâàòü «âðàãó» íè ïÿäè ðîäíîé çåìëè} 56... Rb8 $1 {
, ïîñëå ÷åãî òÿíóòü êîðîëÿ â öåíòð. È ïîñëå 40 ìèíóò ðàáîòû íå îòêàçûâàåòñÿ
îò ñâîåãî ìíåíèÿ...}) ({«Ëþáîïûòíûì ïðàêòè÷åñêèì øàíñîì áûëî} 56... h5 $5 {
, òî åñòü} 57. gxh5 $143 (57. Nxb6 Rb8 58. a5 (58. Nd7 h4 $1) 58... h4) 57...
f5 $140 58. Nxb6 f4 $3 59. gxf4 (59. Nxc8 e3 $1) 59... e3 $3 60. fxe3 g4 61.
Nxc8 g3 {» (Ãîëóáåâ).}) 57. Nxb6 Re8 (57... f4 58. gxf4 $1 ({íî íå} 58. Nxc8
e3 $1) 58... gxf4 59. Nxc8 e3 60. fxe3 f3 61. Ne7+ Kf7 62. Nf5 $18 {(Ãîëóáåâ)})
58. Nd5 Kf7 59. a5 ({Ïðèåìëåìî è} 59. b6 Rd8 $140 60. gxf5 $1 Rxd5 61. b7 Rd8
62. a5 $18 {- ÷¸ðíîãî êîðîëÿ ïðèäåðæèâàåò ïåøêà íà f5, à ñåñòðè÷êè «à» è
«b» ðàçáåðóòñÿ ñ ÷¸ðíîé ëàäü¸é è ñàìè.}) 59... Rd8 60. Kc4 Rc8+ 61. Kb4 Ke6
62. Nb6 Rc2 63. a6 Rb2+ 64. Ka5 {, è ïåøêà ïðîõîäèò.} 1-0

[Event "Aerosvit-2007"]
[Site "Foros"]
[Date "2007.06.26"]
[Round "8"]
[White "Svidler, Peter"]
[Black "Sasikiran, Krishnan"]
[Result "1/2-1/2"]
[WhiteElo "2736"]
[BlackElo "2690"]
[Annotator "Êðîéòîð Ìèõàèë"]
[PlyCount "134"]
[EventDate "2007.06.18"]

1. e4 e5 2. Nf3 Nc6 3. Bb5 a6 4. Ba4 Nf6 5. O-O Be7 6. Re1 b5 7. Bb3 d6 8. c3
O-O 9. h3 Nb8 10. d4 Nbd7 11. Nbd2 Bb7 12. Bc2 Re8 13. Nf1 Bf8 14. Ng3 g6 15.
b3 c6 16. Bg5 Bg7 17. Qd2 Qe7 18. a4 Qf8 19. Kh1 (19. axb5 axb5 20. dxe5 Nxe5
21. Nxe5 dxe5 22. Qe2 Nd7 23. b4 Bh6 24. Bxh6 Qxh6 25. Bb3 Qf8 26. Nf1 Qe7 27.
Nh2 Kg7 28. Ng4 Nf6 29. Nxf6 Qxf6 30. Qe3 Qe7 31. Red1 Red8 32. Rxa8 Rxd1+ 33.
Bxd1 Bxa8 34. Bb3 Bb7 35. Qb6 Qg5 36. Qxb7 Qc1+ 37. Kh2 Qf4+ {
1/2 Almasi,Z (2640)-Sasikiran,K (2663)/D'Ajaccio FRA 2005/The Week in Chess 576
}) 19... Rac8 ({Ðàçìåí} 19... exd4 20. cxd4 c5 21. Bf4 cxd4 22. axb5 axb5 23.
Rxa8 Bxa8 24. Nxd4 Nd5 $1 25. exd5 Rxe1+ 26. Qxe1 Bxd4 {òÿíóë ê íè÷üåé.}) 20.
axb5 cxb5 21. Bd3 h6 ({Áëàãîóâàæàåìûé vasa çíàåò, ÷òî åñëè íå çíàåøü, ÷òî
äåëàòü - íàäî âñêðûâàòü öåíòð (íàðîäíàÿ ìóäðîñòü). Â ñëó÷àå} 21... d5 $5 22.
exd5 (22. Bxf6 Bxf6 $15) 22... Nxd5 23. Be4 exd4 24. cxd4 $15 N7b6 {
íåáîëüøîé ïåðåâåñ áûë áû óæå ó èíäèéñêîãî ãðîññìåéñòåðà.}) 22. Be3 exd4 23.
cxd4 d5 {- ýòîò õîä ïðèïîçäàë.} 24. e5 Ne4 25. Qb2 f5 26. exf6 ({
Ðûáêà ñ÷èòàåò, ÷òî Ïåòð ñûãðàë íåâíÿòíî, è ïðåäëàãàåò ñâîé âàðèàíò.} 26. Ne2
Nb8 27. Rab1 {
- ïðàâäà, èäåþ õîäà ëàäüåé ÿ ïîêà åùå íå îñîçíàë. Ñóòðû ÷òî ëè ïî÷èòàòü?!})
26... Qxf6 27. Rac1 Ndc5 28. Bb1 Nxg3+ 29. fxg3 Ne4 30. Bf4 Qb6 31. Kh2 b4 32.
Be5 $6 {- ôàêòè÷åñêè, ýòî æåðòâà ïåøêè.} ({Ëó÷øå áûëî îòñòóïèòü ñëîíîì íàçàä:
} 32. Bd2 {- íå äàâàÿ ÷åðíûì âòîðãíóòüñÿ íà ïîëå c3.}) 32... Rc3 33. Rf1 Bxe5
34. Nxe5 Qxd4 35. Ng4 Rf8 $6 ({ïðîùå áûëî ïåðåéòè â ýíäøïèëü ñ ëèøíåé ïåøêîé:} 
35... Nxg3 36. Nf6+ Kh8 37. Rf3 Re7 38. Rxg3 Qxf6 39. Rcxc3 bxc3 40. Qxc3 Qxc3
41. Rxc3 Kg7 $17) 36. Rcd1 Qg7 37. Bxe4 dxe4 38. Qd2 $11 Rd3 39. Qxb4 h5 $6 $14
({Íåîáõîäèìî ñíà÷àëà áûëî ðàçìåíÿòü ëàäåé.} 39... Rxd1 40. Rxd1 h5 {è åñëè}
41. Nh6+ $2 Kh7 {òî êîíþ íå âûáðàòüñÿ.}) 40. Nh6+ Qxh6 41. Qxb7 h4 42. Rxd3
exd3 43. Qd5+ Kh8 44. Qd4+ ({Èëè ñðàçó -} 44. Rxf8+ Qxf8 45. Qxd3 hxg3+ 46.
Qxg3 {, âïðî÷åì, åùå Êàïàáëàíêà ãîâîðèë, ÷òî ïðîòèâíèê íèêóäà íå óáåæèò...})
44... Kg8 45. Rxf8+ Qxf8 46. Qxd3 hxg3+ 47. Kxg3 {Âîò è ýíäøïèëü. Ôåðçåâûé. Ó
áåëûõ è íà ïåøêó áîëüøå, è ôèãóðû àêòèâíåé. Ïðàâäà, àêòèâíîñòü êîðîëÿ ïðè
ôåðçÿõ íå âñåãäà ïîìîãàåò...} Qf6 48. Qd5+ Kh7 49. Qb7+ {
À âîò øàõîâàòü ïðîòèâíèêà íå îáÿçàòåëüíî - ëó÷øå áû ê íåìó ñâîè ñèëû ïîäâåñòè.
} ({Òî åñòü êîðîëÿ, ïîòîì ïåøêó -} 49. Kg4 Qb2 50. h4 {
à ÷åðíûå ïîêà íè÷åãî íå ìîãóò ïðîòèâîïîñòàâèòü.}) 49... Kg8 50. Qc8+ Kh7 51.
Qc7+ Kg8 52. h4 Qb2 53. Qd8+ Kg7 54. Qe7+ Kg8 55. Qe6+ Kg7 56. Qd7+ Kh6 57. Qf7
a5 58. Kf3 Qa1 59. Qf8+ Kh7 60. Qe7+ Kg8 61. Qd8+ Kh7 62. Qc7+ Kg8 63. Qc4+ Kh7
64. Ke4 $6 {îòäàâàÿ âñå ïðåèìóùåñòâî.} (64. g3 Qd1+ 65. Kf2 Qd2+ 66. Qe2 Qd4+
67. Qe3 Qf6+ 68. Kg2 Qc6+ 69. Qf3 Qc2+ 70. Kh3 Qc8+ 71. g4 {
øàõè êîí÷èëèñü, áåëûå ïðîäâèíóëè ïåøêè.}) 64... Qe1+ 65. Kd5 Qd2+ 66. Kc5 Qxg2
67. Kb5 Qd2 1/2-1/2

[Event "Aerosvit 2007"]
[Site "Foros RUS"]
[Date "2007.06.26"]
[Round "8"]
[White "GM Shirov, Alexei(ESP)"]
[Black "GM Onischuk, Alexander(USA)"]
[Result "1/2-1/2"]
[WhiteElo "2699"]
[BlackElo "2663"]
[Annotator "Ëåáåäåâ Âàñèëèé"]
[PlyCount "83"]
[EventDate "2007.06.26"]

1. d4 Nf6 2. c4 e6 3. Nf3 d5 4. g3 {«Êàòàëîí»...} Be7 5. Bg2 O-O 6. O-O dxc4
7. Qc2 a6 8. Qxc4 b5 9. Qc2 Bb7 10. Bd2 Be4 ({
È, áåçóñëîâíî, íàäî âñïîìíèòü ïàðòèþ èç çèìíåãî òóðíèðà â Âåéê-àí-Çåå} 10...
Ra7 11. Rc1 Be4 12. Qb3 Nc6 13. e3 Qa8 14. Qd1 Nb8 (14... b4 15. Be1 Bd5 16.
Nbd2 Nb8 {1/2  Bareev,E (2643) - Grischuk,A (2717)/Sochi RUS 2007}) 15. Ba5 Rc8
(15... Bd6 16. a3 Nbd7 17. Nbd2 Bd5 18. Qf1 c5 19. dxc5 Bxc5 20. Rc2 Qb7 21.
Rac1 Bb6 22. Bxb6 Qxb6 23. Nd4 Ne5 24. Bxd5 Nxd5 25. N4f3 Nxf3+ 26. Nxf3 Rd8
27. Qd3 Ne7 28. Qe4 Rad7 29. Kg2 f6 30. h4 e5 31. h5 Qb7 32. Qg4 Kf7 33. Rc5
Rc8 34. Rxc8 Nxc8 35. Qf5 g6 36. Qg4 Ne7 37. hxg6+ hxg6 38. Rh1 f5 39. Rh7+ Ke6
40. Qg5 Qe4 41. Qh6 f4 42. Qf8 Nc6 43. Qc8 Ne7 44. Qe8 Kd6 45. Qf8 Qd5 46. e4
Qe6 47. Ng5 {1-0 Aronian,L (2744) - Karjakin,S (2678)/Wijk aan Zee NED 2007})
16. a3 Bd6 17. Nbd2 Bd5 18. Qf1 Nbd7 19. b4 e5 20. dxe5 Bxe5 21. Nxe5 Nxe5 22.
f3 Nc4 23. Nxc4 Bxc4 24. Qf2 Re8 25. e4 c6 26. Rd1 Rd7 27. Rxd7 Nxd7 28. Rd1
Qb7 29. Rd6 f6 30. f4 Re6 31. Rd2 Re7 32. Qd4 Nf8 33. Qd8 Rd7 34. Rxd7 Qxd7 35.
Qxd7 Nxd7 36. e5 fxe5 37. Bxc6 Nf6 38. Bb7 exf4 39. gxf4 Nd5 40. Kf2 Nxf4 41.
Ke3 g5 42. Bxa6 Kf7 43. a4 Ke7 44. Bxb5 Bxb5 45. axb5 Kd7 46. Ke4 Ne2 47. Bb6
g4 48. Bf2 Nc3+ 49. Kf5 Nxb5 50. Kxg4 Ke6 51. Kg5 Kf7 52. Kf5 Ke7 53. Bc5+ {
(1-0 Kramnik,V (2766) - Anand,V (2779)/Wijk aan Zee NED 2007).}) 11. Qc1 Qc8
12. Bg5 Nbd7 13. Nbd2 Bb7 14. Nb3 (14. Ne5 Bxg2 15. Kxg2 c5 16. Nxd7 Qxd7 17.
dxc5 Qd5+ 18. Nf3 Qxc5 19. Qxc5 Bxc5 20. Bxf6 gxf6 21. Rfd1 Rfc8 22. Rd7 Kf8
23. Rad1 Ke8 24. Rb7 Rd8 25. Rc1 Rac8 26. b3 Rd7 27. Rxd7 Kxd7 28. Ne1 f5 29.
Nd3 Bd4 30. Rxc8 Kxc8 31. Kf3 Kd7 32. e4 fxe4+ 33. Kxe4 Bg7 34. g4 Kd6 35. f4
Bf6 36. h3 a5 37. Ne1 a4 38. Nd3 axb3 39. axb3 Bg7 40. h4 h5 41. gxh5 f5+ 42.
Ke3 Kd5 43. Ne1 e5 44. fxe5 Bh6+ 45. Kf3 Kxe5 46. Nd3+ Kd4 47. Ke2 Kc3 48. Ne5
Kxb3 49. Nf7 Bg7 50. h6 Bf6 51. Nd6 {
(1/2 Bareev,E (2643)-Onischuk,A (2663)/Sochi RUS 2007).}) 14... a5 (14... c5
15. Bxf6 Bxf6 16. Nxc5 Nxc5 17. dxc5 Be7 18. b4 Bf6 19. Rb1 Be4 20. Rb3 a5 21.
a3 Bd5 22. Nd2 Bxb3 23. Bxa8 Qxa8 24. Nxb3 axb4 25. axb4 Qa4 26. Qe3 Qxb4 27.
Rc1 Rc8 28. c6 g6 29. Qb6 Be5 30. Nc5 Qd2 31. Nd3 {
(1/2 Gelfand,B (2717) - Onischuk,A (2640)/Beersheba 2005).}) 15. Bxf6 Nxf6 {
Òîëüêî çäåñü ñîïåðíèêè âûðóëèëè íà íåðàçâåäàííûå òåððèòîðèè.} (15... Bxf6 16.
Nc5 Bd5 17. Rd1 Nxc5 18. Qxc5 Qb7 19. Rac1 Rac8 20. Ne1 Rfd8 21. e3 c6 22. b3
Be7 {(1/2 Sigurjonsson,G (2440)-Speelman,J (2520)/Brighton 1981)}) 16. Nc5 {
Òåïåðü áåëîãî êîíÿ, êàê ìû âèäèì, åãî «êîëëåãà» íå âñòðå÷àåò.} Bd5 17. Ne5
Bxg2 18. Kxg2 c6 ({
Ïåðåìåñòèòü ôåðçÿ íà áîëåå âûãîäíóþ ïîçèöèþ íå ïîëó÷àåòñÿ:} 18... Qd8 $5 {
(âèñèò ïåøêà d4)} 19. Rd1 Qd5+ 20. f3 {(à òåïåðü ãðîçèò å2-å4!)} Bxc5 21. Qxc5
({ðàçóìååòñÿ, íå} 21. dxc5 $4 Qxe5) 21... Qxc5 22. dxc5 Rfd8 23. Nc6 $1 Rd7 24.
e4 $14 {- ó áåëûõ ïîëó÷øå.}) 19. Ncd3 Ra6 20. Qe3 {Ïîñëå ýòîãî ïåðåâîäà ôåðçÿ,
÷¸ðíûå äîâîëüíî-òàêè ýíåðãè÷íî óðàâíèâàþò ïîëîæåíèå, íî â ïîñëåäíèé ìîìåíò..
.} (20. a4 $5 b4 $140 21. Qc4) 20... Nd5 21. Qf3 (21. Qd2 $5) 21... f6 22. Ng4
c5 23. dxc5 Nb4 ({Çàëåçàòü ïîä ñâÿçêó -} 23... Bxc5 {÷¸ðíûå íå çàõîòåëè.} 24.
a4 $1 (24. Rac1 $143 Rc6 25. Rc2 Rf7 $1 26. Rfc1 Rfc7) 24... bxa4 25. Rxa4 Rf7
(25... h5 $2 26. Nh6+ $1 gxh6 27. Rc1 Rc6 28. Rac4 $16) 26. Rfa1 Rfa7 27. Nxc5
(27. Rc4 Rc7) 27... Qxc5 28. e4 Nb6 29. b4 Qb5 30. Rxa5 Rxa5 31. bxa5 Rxa5 32.
Rc1 $36 {, è ÷¸ðíûå èñïûòûâàþò òðóäíîñòè. Íàïðèìåð,} Ra7 33. Qf4 $1 e5 (33...
Kf7 34. Qb8) 34. Qf5 Qd7 35. Ne3 Qxf5 36. Nxf5 {, è ê áåëûõ, õîòÿ íà êîïåéêó,
íî ëó÷øå. Íî ýòî, êàê âñåì èçâåñòíî, èçâå÷íàÿ ïëàíèäà ÷¸ðíîãî «êàòàëîíöà»
- çàùèùàòü ÷óòü õóäøóþ ïîçèöèþ.}) 24. Nf4 (24. Rac1 $5 Nxa2 $140 (24... Rc6
$142) 25. Ra1 Nb4 26. Nxb4 axb4 27. Rxa6 Qxa6 28. c6 Qa2 29. Qd3 $1 $36) 24...
Qc6 {«Îíèùóê çàáûë îòûãðàòü ïåøêó c5» (Ãîëóáåâ)} 25. a3 $1 $16 Nc2 26. Qxc6
Rxc6 27. Rac1 Nd4 28. b4 {Îòäàë¸ííàÿ, ëèøíÿÿ, çàùèù¸ííàÿ ïðîõîäíàÿ - ìîæåò ëè
ïåøêà áûòü åù¸ áîëåå êðàñèâîé?} Rd8 (28... e5 29. Nd5) 29. e4 Kf7 30. Nd3 ({
Ïîñëå} 30. Rfd1 $5 axb4 31. axb4 Ra6 {
Ëîâêî ìàíåâðèðóÿ, Rybka ñáèâàåò ôèãóðû áåëûõ â ìîãó÷óþ êó÷êó -} 32. Rd3 (32.
Nd5 $143 $5 Nc6 33. Nc7 Rxd1 34. Rxd1 Ra4) 32... Nc6 33. Rxd8 Bxd8 34. Nd3 Ra3
35. Rd1 Rb3 36. Ne3 Ke7 (36... Nxb4 37. Nxb4 Rxb4 38. Rxd8) 37. Nc2 Rc3 38. Rd2
$16 {, ïîñëå ÷åãî íàäî òÿíóòü â öåíòð êîðîëÿ.}) 30... axb4 ({
Íå îñòàâëÿëî áåëûì âûáîðà ðåçêîå} 30... h5 $5 31. Nge5+ (31. Ne3 $6 Ne2 32.
Rcd1 (32. Rc2 $143 Rxd3 33. Rxe2 Rxa3 $17) 32... Nc3 33. Rd2 Nxe4) 31... fxe5
32. Nxe5+ Ke8 $1 {(ïîäòÿãèâàÿñü áëèæå ê ìåñòó ãëàâíûõ ñîáûòèé)} 33. Nxc6 Nxc6
34. bxa5 (34. Rb1 {? Ôè -} axb4 35. axb4 Rd4) 34... Nxa5 35. Rb1 Rb8 ({
åñòåñòâåííî, íå} 35... Bxc5 36. Rxb5 $18) 36. Rfc1 Kd7 37. Rb4 Kc6 38. a4 Bxc5
{- ãîëîñóþ çäåñü çà íè÷üþ...}) 31. axb4 Rc7 ({Òåïåðü óæå} 31... h5 {
íå òàê óæ è âûãîäíî, õîòÿ è ñîõðàíÿåò ìàòåðèàëüíîå ðàâåíñòâî} 32. Ne3 Ne2 33.
Rc2 $1 Nxg3 $1 (33... Rxd3 $143 34. Rxe2 Rb3 35. Nc2 $16) {
, õîòÿ ó áåëûõ åñòü â çàïàñå ñëåäóþùàÿ èäåÿ} 34. hxg3 Rxd3 35. Ra2 Rd4 36. Rb1
Rxe4 37. Ra5 {è ò.ä.}) 32. f3 Nc6 33. Ngf2 Rd4 {
×¸ðíûå çàìåòíî àêòèâèçèðîâàëèñü, íî ïåøêè ïîêà íå õâàòàåò.} 34. Rb1 Ra7 {
È âòîðàÿ îòêðûòàÿ ëèíèÿ â ÷¸ðíûõ ðóêàõ! À æèçíü-òî íàëàæèâàåòñÿ!} 35. Rb2 f5
$1 {Ñëîí âõîäèò â èãðó.} 36. exf5 (36. e5 Ra4 {, è áîëüøèíñòâî áåëûõ ôèãóð
çàíèìàþòñÿ çàùèòîé ïåøêè b4. Íè íà ÷òî äðóãîå ñèë èì ïðîñòî íå îñòà¸òñÿ, íî
òàê, õîòÿ áû, ñëîí ÷¸ðíûõ íå âõîäèë â èãðó.}) 36... exf5 37. Rfb1 Bf6 38. f4 Ra4
$11 39. Re2 Nxb4 40. Ne5+ Bxe5 41. Rxe5 g6 42. c6 {
Ïîñëåäíèå ïåøêè ôåðçåâîãî ôëàíãà óõîäÿò ñ äîñêè - íè÷üÿ î÷åâèäíà.} 1/2-1/2